Statistics for Countries by First Two, First and Last, or Last Two Letters in 60 Seconds

Click here to take the quiz!

General Stats

  • This quiz has been taken 15,916 times
  • The average score is 132 of 196

Answers on the Map

Answers color-coded by a green-red scale on the quiz's map according to % correct below.
 

Answer Stats

Country% Correct
United States
97%
China
96%
Colombia
95%
Cambodia
94%
Croatia
94%
South Africa
94%
Canada
93%
Cape Verde
93%
Dominica
93%
Central African Republic
92%
Costa Rica
92%
Cuba
92%
Russia
91%
Jamaica
90%
Mexico
90%
Cameroon
89%
Iran
89%
Mongolia
89%
Myanmar
89%
United Kingdom
88%
Somalia
87%
Argentina
86%
Australia
86%
Austria
86%
Chile
85%
India
85%
Indonesia
85%
Pakistan
85%
Armenia
84%
Madagascar
84%
Uzbekistan
84%
Bolivia
83%
Brazil
83%
Democratic Republic
of the Congo
83%
Federated States of
Micronesia
83%
Serbia
83%
Spain
83%
Liberia
82%
Lithuania
82%
North Korea
82%
Saint Lucia
82%
Slovakia
82%
Slovenia
82%
Albania
81%
Algeria
81%
Angola
81%
Macedonia
81%
Malaysia
81%
Mauritania
81%
Monaco
81%
Morocco
81%
Nigeria
81%
South Sudan
81%
Syria
81%
Cote d'Ivoire
80%
Georgia
80%
Kazakhstan
80%
Mozambique
80%
Panama
80%
Peru
80%
Saudi Arabia
80%
United Arab Emirates
80%
Benin
79%
Bosnia and
Herzegovina
79%
Botswana
79%
Japan
79%
Sudan
79%
Tunisia
79%
Bahrain
78%
Moldova
78%
Nauru
78%
San Marino
78%
Chad
77%
France
77%
Mali
77%
Turkmenistan
77%
Bulgaria
76%
Liechtenstein
76%
Portugal
76%
Norway
75%
Palau
75%
South Korea
75%
Oman
74%
Taiwan
74%
Tajikistan
74%
Latvia
73%
Mauritius
73%
Suriname
73%
Swaziland
73%
Switzerland
73%
Antigua and Barbuda
72%
Finland
72%
Ireland
72%
Libya
72%
Maldives
72%
Nepal
72%
Nicaragua
72%
Poland
72%
Afghanistan
71%
Namibia
71%
Sweden
71%
Ukraine
71%
Andorra
70%
Brunei
70%
Guyana
70%
Papua New Guinea
70%
Paraguay
70%
São Tomé and Príncipe
70%
Greece
69%
Kyrgyzstan
69%
Venezuela
69%
Burkina Faso
68%
Ethiopia
68%
Guatemala
68%
Malta
68%
New Zealand
68%
Romania
68%
Tanzania
68%
Bhutan
67%
Estonia
67%
Jordan
67%
Marshall Islands
67%
Republic of the Congo
67%
Azerbaijan
66%
Iceland
66%
Belarus
65%
Malawi
65%
Sri Lanka
65%
Denmark
63%
Zambia
63%
Germany
62%
Guinea-Bissau
62%
Qatar
62%
Saint Vincent and the
Grenadines
62%
Sierra Leone
62%
Egypt
61%
Gambia
61%
Ghana
61%
Montenegro
61%
Senegal
61%
Niger
58%
Turkey
58%
Iraq
57%
Netherlands
57%
Saint Kitts and Nevis
57%
Thailand
56%
Guinea
55%
Vanuatu
55%
Comoros
54%
Italy
54%
Solomon Islands
54%
Tuvalu
54%
Belgium
53%
Kenya
52%
Belize
51%
Dominican Republic
51%
Laos
51%
Ecuador
50%
Yemen
50%
Bahamas
49%
Kuwait
49%
Bangladesh
48%
Grenada
48%
Samoa
48%
Uruguay
48%
Barbados
46%
Czech Republic
46%
Philippines
46%
Israel
45%
Lesotho
45%
Seychelles
45%
Tonga
45%
Fiji
44%
East Timor
42%
Vietnam
42%
El Salvador
41%
Uganda
41%
Vatican City
40%
Eritrea
39%
Rwanda
39%
Honduras
35%
Singapore
35%
Cyprus
32%
Haiti
32%
Equatorial Guinea
30%
Trinidad and Tobago
30%
Burundi
29%
Lebanon
28%
Gabon
27%
Togo
27%
Zimbabwe
25%
Djibouti
22%
Hungary
22%
Kiribati
21%
Kosovo
15%
Luxembourg
15%

Score Distribution

Percentile by Number Answered

Percent of People with Each Score

Your Score History

You have not taken this quiz